Maloobchodní značky

Stratégia distribúcie výrobcov pod maloobchodnými značkami distribútorov. Výhoda maloobchodných značiek pre distribútorov obchodných reťazcov.

Salvato in:
Dettagli Bibliografici
Autore principale: Novotná, Ladislava
Natura: Capitolo di libro
Lingua:ceco
Soggetti:
Tags: Aggiungi Tag
Nessun Tag, puoi essere il primo ad aggiungerne!!

MARC

LEADER 00000naa$a2200000$$$4500
001 0003273
005 20231004104320.8
041 0 |a cze 
044 |a CZ 
245 1 0 |a Maloobchodní značky  |c aut. Ladislava Novotná 
520 |a Stratégia distribúcie výrobcov pod maloobchodnými značkami distribútorov. Výhoda maloobchodných značiek pre distribútorov obchodných reťazcov. 
610 2 0 |a reťazce obchodné 
610 2 0 |a značky maloobchodné 
610 2 0 |a boj konkurenčný 
610 2 0 |a reťazce distribučné 
610 2 0 |a maloobchod 
100 1 |a Novotná, Ladislava